| 000 | 00484nam a2200169Ia 4500 | ||
|---|---|---|---|
| 999 |
_c37130 _d37130 |
||
| 003 | OSt | ||
| 005 | 20210123144409.0 | ||
| 008 | 190216s9999||||xx |||||||||||||| ||und|| | ||
| 040 | _coclc | ||
| 082 |
_a332.110954 _bRAJ/B |
||
| 100 |
_aRajeev, C R _98413 |
||
| 245 | 0 |
_aBank PO Rank File / _cC R Rajeev |
|
| 260 |
_bBrilliance College, _c2013. _aTrivandrum: |
||
| 300 | _a735p | ||
| 650 | _aReferences | ||
| 942 |
_cREF _2ddc _h332.110954 _iRAJ/B _k332.110954 _mRAJ/B |
||